000
00321nam a2200133Ia 4500
008
190216s9999||||xx |||||||||||||| ||und||
100
_a
Peebles. Pje
245
0
_a
Quantum Mechanics
250
_a
1st Ed.
260
_b
Prentice Hall Of India Pvt Ltd
_c
2001
300
_a
419
650
_a
Chemistry-Chemistry
942
_c
BK
999
_c
2987
_d
2987